000 01006cab a2200217 4500
001 ABS38403
008 090401t1987 xxu||||| |||| 00| 0 eng d
035 _a(Sirsi) u10319
041 _aeng
100 _aJones, J.V.H.
245 2 _aA new direction for agricultural policy?
260 _c1987
350 _a0
490 _aValuer (ISVA)
_v6(8) October 1987, 278-279(2)
520 _aNine areas in the UK have been designated environmentally sensitive areas and farmers within these areas will be able to apply for a new kind of farming subsidy scheme. Instead of being encouraged to increase production, they will be paid to cut back under a management programme aimed at harmonising farming practices with the interests of wildlife and the landscape. This article explains how the system will operate and asks has this new change in Government agricultural policy come too late?
650 _aCONSERVATION
650 _aGRANTS
690 _aRURAL PRACTICE
942 _n0
948 _c04/03/1997
999 _c6493
_d6493